000 01161 a2200217 4500
003 NUST
005 20230606171614.0
010 _a 74026622
020 _a0070617201
040 _cNust
082 0 0 _a005.73,STO
100 1 _aStone, Harold S.,
_936591
245 1 0 _aIntroduction to computer organization and data structures /
_cHarold S. Stone
260 _aNew York :
_bMcGraw-Hill,
_c[1972]
300 _axvi, 321 p. :
_bill. ;
_c24 cm.
490 0 _aMcGraw-Hill computer science series
505 _aAlgorithms Turning Machines and Programs (Page-1), Basic Aspects of Computer Organization (Page-18), IBM System /360 and System /370 Computer Organization (Page-47), Address Modification and Logical Operations (Page-63), Assemblers (Page-85), Data Structures (Page-115), Subroutines, Coroutines and Parameters (Page-135), Input/Output Operations (Page-165), Linked Data Structures (Page-203), Rooted Trees Recursive Programs and Push Down Stack Machines (Page-219), Sorting and Searching (Page-249), appendix (Page-293).
650 0 _aPDP-11 (Computer)
_xProgramming.
_9113031
700 1 _aSiewiorek, Daniel P.,
_9113032
942 _2ddc
_cBK
_k00573,STO
999 _c179892
_d179892